Safe sex : (Record no. 10060)
[ view plain ]
| 000 -LEADER | |
|---|---|
| fixed length control field | 00591nam a2200205 4500 |
| 003 - CONTROL NUMBER IDENTIFIER | |
| control field | SISC |
| 005 - DATE AND TIME OF LATEST TRANSACTION | |
| control field | 20160215144739.0 |
| 008 - FIXED-LENGTH DATA ELEMENTS--GENERAL INFORMATION | |
| fixed length control field | 130830t xxu||||| |||| 00| 0 eng d |
| 020 ## - INTERNATIONAL STANDARD BOOK NUMBER | |
| International Standard Book Number | 9780801062940 |
| 050 ## - LIBRARY OF CONGRESS CALL NUMBER | |
| Classification number | R15 |
| Item number | .M478 1994 |
| 082 ## - DEWEY DECIMAL CLASSIFICATION NUMBER | |
| Classification number | HS 613.9 MCL 1991 |
| 100 ## - MAIN ENTRY--PERSONAL NAME | |
| Personal name | Mcllhaney, Joe S. |
| 9 (RLIN) | 15895 |
| 245 ## - TITLE STATEMENT | |
| Title | Safe sex : |
| Remainder of title | a doctor explains the realities of aids and other stds / |
| Statement of responsibility, etc | Joe S. Mcllhaney. |
| 260 ## - PUBLICATION, DISTRIBUTION, ETC. (IMPRINT) | |
| Place of publication, distribution, etc | Michigan : |
| Name of publisher, distributor, etc | Baker Book House, |
| Date of publication, distribution, etc | 1991. |
| 300 ## - PHYSICAL DESCRIPTION | |
| Extent | 173 p.; |
| Dimensions | 22 cm. |
| 650 ## - SUBJECT ADDED ENTRY--TOPICAL TERM | |
| Topical term or geographic name as entry element | Sex |
| 9 (RLIN) | 15896 |
| 650 ## - SUBJECT ADDED ENTRY--TOPICAL TERM | |
| Topical term or geographic name as entry element | AIDS |
| 9 (RLIN) | 15897 |
| 942 ## - ADDED ENTRY ELEMENTS (KOHA) | |
| Source of classification or shelving scheme | Library of Congress Classification |
| Koha item type | Books |
| Withdrawn status | Lost status | Source of classification or shelving scheme | Damaged status | Home library | Current library | Shelving location | Date acquired | Total Checkouts | Full call number | Barcode | Date last seen | Copy number | Price effective from | Koha item type |
|---|---|---|---|---|---|---|---|---|---|---|---|---|---|---|
| Library of Congress Classification | Luxembourg Library | Luxembourg Library | High School Section | 08/30/2013 | R15 .M478 1994 | 4751 | 01/22/2020 | 1 | 08/30/2013 | Books |